| 000 | 004120000a22001450004500 | ||
|---|---|---|---|
| 020 | _a958-655-918-1 | ||
| 082 | 0 | 4 | _aR 020 M742p |
| 100 | 1 | _aMoncada P., Jose D. | |
| 245 | 1 | 0 | _aPoliticas públicas para bibliotecas públicas en contextos locales / Jose Daniel Moncada Patiño |
| 260 | _aMedellín : Universidad de Antioquia | ||
| 300 | _a109 P. | ||
| 500 | _aTexto de uso interno | ||
| 001 | 444 | ||
| 942 | _cLGB | ||
| 999 |
_c47682 _d47682 |
||